| 000 | 00654nam a2200217 a 4500 | ||
|---|---|---|---|
| 005 | 20210223122248.0 | ||
| 008 | 991125s1982 bar 000 0 spa u | ||
| 020 | _a8475091253 | ||
| 035 | _aUPN01000032011 | ||
| 049 | _aCG | ||
| 050 | 4 |
_aRF294 _bQ9.4 |
|
| 100 | 1 | _aQuirós, Julio Bernaldo de | |
| 245 | 1 | 0 |
_aIntroducción a la audiometría / _cJulio B. de Quirós, Nelly D'Elia ; colab. de René Oyarzán. |
| 260 |
_aBarcelona, Esp. : _bPaidós, _c1982. |
||
| 300 |
_a316 p. : _bil. |
||
| 440 | 0 |
_aPaidós educador ; _v15 |
|
| 650 | 4 |
_aAUDIOMETRIA _92824 |
|
| 700 | 2 |
_aD'Elia, Nelly, _ecoaut. |
|
| 700 | 2 |
_aOyarzán, René, _ecolab. |
|
| 905 | _aLibro | ||
| 999 |
_c32011 _d32011 |
||